| 000 | 00555nam a2200229Ia 4500 | ||
|---|---|---|---|
| 008 | 160803s9999 xx 000 0 und d | ||
| 020 | _a9780590118774 | ||
| 100 | _aAllard, Harry | ||
| 245 | _aMiss Nelson is missing! / | ||
| 245 | _cHarry Allard, James Marshall. | ||
| 260 | _aNew York : | ||
| 260 | _bScholastic Inc. | ||
| 260 | _c1977 | ||
| 300 | _a32 pages : | ||
| 300 | _bcolor illustrations ; | ||
| 300 | _c28 cm | ||
| 650 | _aBehavior -- | ||
| 650 | _aSchools -- | ||
| 650 | _xFiction. | ||
| 650 | _xFiction. | ||
| 700 | _a340 | ||
| 999 |
_c298845 _d298845 |
||